Countries Ending in 'O' Quiz Stats

 Plays Quiz Updated Dec 27, 2018

Support Sporcle.
Go Orange.
Score 0/12 Timer 03:00
0 Plays Today
% Correct
Togo
74.5%
Lesotho
69.2%
Morocco
63.7%
Kosovo
63.7%
Mexico
63.6%
Monaco
60.6%
Democratic Republic of the Congo
57.7%
Republic of the Congo
53.4%
Montenegro
46.8%
Trinidad and Tobago
46.6%
San Marino
46.5%
Burkina Faso
42.6%

From the Vault

Young Adult Bunker

by Bolafssonify

Characters in YA novels all had a way more interesting high school life than we did.
Remove Ads.
Support Sporcle.
Get the best of Sporcle when you Go Orange. This ad-free experience offers more features, more stats, and more fun while also helping to support Sporcle. Thank you for becoming a member.

Show Comments

Extras

Top Quizzes Today


Score Distribution

Your Account Isn't Verified!

In order to create a playlist on Sporcle, you need to verify the email address you used during registration. Go to your Sporcle Settings to finish the process.

Report this User

Report this user for behavior that violates our Community Guidelines.

Details: